000 01008nam a2200325 i 4500
003 EG-GICUC
005 20260225231929.0
008 260225s1985 fr da||fr|||| 00| 0 eng d
040 _aEG-GiCUC
_beng
_cEG-GiCUC
_dEG-GiCUC
_erda
041 _aeng
082 0 4 _221
_a341.23
_bMA.U
092 0 4 _221
099 _aLaw1 11 341.23 MA.U 1985
100 1 _aMahtar , Amadou
_eAuthor.
245 _aUNESCO on the eve of its 40th anniversary /
_cAmadou Mahtar .
264 _aParis :
_bUNESCO ,
_c1985.
300 _a216 pages :
_billustrations, Charts, Tables,
_c24 cm
336 _2rda content
_atext
337 _2rda media
_aComputer
338 _2rda carrier
_aOnline Resource
500 _aIncludes illustrations, Charts, Tables.
546 _aText in English
650 1 _aUnited Nations
650 1 _aInternational community
650 1 _aPublic international law
651 1 _2qrmak
856 4 0 _uhttps://fll.law.cu.edu.eg/fulltext/bks/B11-05013.pdf
905 _a60
942 _2ddc
_cBK
_e21
_n0
999 _c64240
_d64240